01324nam a2200325 i 4500001001000000003000900010005001700019007000300036008004100039020001500080040003000095041000800125082002400133245012400157264010700281300002900388336002500417337003300442338002800475500007100503500007400574504002700648650005100675650005000726651005800776700001900834700003400853710004800887710006300935000015098DO-SdBNP20251027100859.0ta100201e2002 ve gr 001 edspa d a9803171941 aDO-SdBNPbspacBNPHUerda aspa 4a320.9729bR311g22204aLos recursos de la gobernabilidad en la Cuenca del Caribe /ceditor, Haroldo Dilla ; edición, Carlos González Ruiz. 1aCaracas, Venezuela : bFacultad Latinoamericana de Ciencias Sociales (FLACSO) ; Nueva Sociedad,c2002. a300 páginas ; c23 cm. atextobtxt2rdamedia asin mediaciónbn2rdamedia avolumenbnc2rdacarrier aIncluye datos biográficos del editor en la solapa de la cubierta aIncluye referencias bibliográficas y notas al pie de las páginas  aBibliografía: p. 297 7aEstabilidad políticazCaribe, Región2LEMB 4aMovimientos socialeszCaribe (Región)2LEMB 0aCaribe (Región)xPolítica y gobiernoy1945-2LEMB1 aDilla, Haroldo1 aGonzález Ruiz, Carlos,eed.2 aComisión Nacional Dominicana de la UNESCO2 aFLACSO (Organización). bPrograma República Dominicana